00341nam a2200121Ia 4500008004100000100002300041245004200064245002100106260003000127260000900157300002700166440002600193170419s9999 xx 000 0 und d aFreeland, Barbara. aHyperglycemia in the hospital setting cBarbara Freeland bJanetti Publications Inc. c2016 aNovember/December 2016 aMedsurg Nursingv25:6